De la répression du vagabondage / (Record no. 155530)

MARC details
000 -LEADER
campo de control de longitud fija 00737nam a2200193 i 4500
001 - NÚMERO DE CONTROL
campo de control 155530
003 - IDENTIFICADOR DE NÚMERO DE CONTROL
campo de control ES-MaACL
005 - FECHA Y HORA DE LA ÚLTIMA TRANSACCIÓN
campo de control 20230906210120.0
008 - DATOS DE LONGITUD FIJA--INFORMACIÓN GENERAL
campo de control de longitud fija 990310s1862 fr |||| | fre d
100 1# - ENTRADA PRINCIPAL--NOMBRE DE PERSONA
Nombre de persona Homberg, Th.
9 (RLIN) 128017
245 10 - MENCIÓN DEL TÍTULO
Título De la répression du vagabondage /
Mención de responsabilidad, etc. par M. Th. Homberg.
260 ## - PUBLICACIÓN, DISTRIBUCIÓN, ETC.
Lugar de publicación, distribución, etc. Paris :
Nombre del editor, distribuidor, etc. Auguste Durand ;
Lugar de publicación, distribución, etc. Rouen :
Nombre del editor, distribuidor, etc. Lebrument,
Fecha de publicación, distribución, etc. 1862 (
Lugar de fabricación/manufactura Orléans :
Fabricante Imp. Ernest Colas)
300 ## - DESCRIPCIÓN FÍSICA
Extensión [2], 151 p. ;
Dimensiones 22 cm.
594 ## - Nota al título y mención de responsabilidad
Nota al título y mención de responsabilidad En port.: "Mémoire lu a l'Académie des Sciences Morales et Politiques"
597 ## - NOTA DE DESCRIPCIÓN FÍSICA
NOTA DE DESCRIPCIÓN FÍSICA Antep.
650 #4 - PUNTO DE ACCESO ADICIONAL DE MATERIA--TÉRMINO DE MATERIA
Término de materia o nombre geográfico como elemento de entrada Vagancia (Derecho)
9 (RLIN) 167522
710 2# - ENTRADA AGREGADA--NOMBRE DE ENTIDAD CORPORATIVA
Nombre de entidad corporativa o nombre de jurisdicción como elemento de entrada Académie des sciences morales et politiques (Francia)
9 (RLIN) 1232
852 ## - LOCALIZACIÓN
Ubicación ES-MaACL
Número de control de estantería D-211
Nota libre - Enc. hol.
-- . - Donativo Lastres
Holdings
Estatus retirado Estado de pérdida Estado de daño No para préstamo Colección Biblioteca de origen Biblioteca actual Ubicación en estantería Fecha de adquisición Fuente de adquisición Total de préstamos Signatura topográfica completa Código de barras Visto por última vez Precio de reemplazo Tipo de ítem Koha
        Libros del s. XIX Biblioteca del Ateneo de Madrid Biblioteca del Ateneo de Madrid Sala Valle Inclán 17/01/2008     D-211 901162688 23/02/2023 23/02/2023 Libro impreso antiguo